Apuntamientos de la parte general de derecho penal / (Record no. 46317)

MARC details
000 -LEADER
fixed length control field 00566nam a22001817a 4500
005 - DATE AND TIME OF LATEST TRANSACTION
control field 20150124125725.0
008 - FIXED-LENGTH DATA ELEMENTS--GENERAL INFORMATION
fixed length control field 131203t mx||||| |||| 00| 0 spa d
020 ## - INTERNATIONAL STANDARD BOOK NUMBER
International Standard Book Number 9684321015
050 04 - LIBRARY OF CONGRESS CALL NUMBER
Classification number KGF5422
Item number P67 1993
100 1# - MAIN ENTRY--PERSONAL NAME
Personal name Porte-Petit Candaudap, Celestino
245 10 - TITLE STATEMENT
Title Apuntamientos de la parte general de derecho penal /
Statement of responsibility, etc Celestino Porte-Petit Candaudap
250 ## - EDITION STATEMENT
Edition statement 15a ed.
260 ## - PUBLICATION, DISTRIBUTION, ETC. (IMPRINT)
Place of publication, distribution, etc México :
Name of publisher, distributor, etc Porrúa,
Date of publication, distribution, etc 1993
300 ## - PHYSICAL DESCRIPTION
Extent 508 p. ;
Dimensions 24 cm.
504 ## - BIBLIOGRAPHY, ETC. NOTE
Bibliography, etc Incluye bibliografía e índice
650 #7 - SUBJECT ADDED ENTRY--TOPICAL TERM
Source of heading or term Lemb
Topical term or geographic name as entry element Derecho penal
Geographic subdivision México
942 ## - ADDED ENTRY ELEMENTS (KOHA)
Source of classification or shelving scheme Clasificación Decimal Dewey
Koha item type Libro
Holdings
Estado de pérdida Fuente de clasificación Estado del daño No para préstamo Ubicación permanente Ubicación actual Apartado o colección Fecha de adquisición Clasificación Código de Barras Date last seen Número de copia Tipo de recurso
  Biblioteca del Cogreso de los Estados Unidos     Biblioteca Campus Ciudad Hidalgo Biblioteca Campus Ciudad Hidalgo General 03/12/2013 KGF5422 P67 1993 BCCH000000850 16/01/2015 C : 1 V I Libro